Nicky és a szerelem

Bibliographic Details
Main Author: Bahre, Jens (Author)
Other Authors: Gergely, Erzsébet (Translator), Szecskó, Péter (Illustrator)
Format: Book
Language:Hungarian
German
PhysicalDescription:175 strán ilustrácie 20 cm
Published: Bratislava Madách Könyvkiadó 1990
ISBN:8009003107
Edition:1. vydanie
Subjects:

MARC

LEADER 00000cam a2200000 4500
001 vtls009240637
003 SK-MaSNL
005 20260301081537.0
008 220509s1990 xo a gr 000 f hun
015 |a SNBA1990 
020 |a 8009003107  |q (viazané) 
035 |a LVTK49328 
035 |a urn:nbn:sk:snk-am3j63x 
035 |a 53547717-E623-4BF3-8B4E-A687751BBDBD 
035 |a urn:nbn:sk:snk-am00gewx 
040 |a SNK  |b slo  |c SNK  |e rda 
041 1 |a hun  |h ger 
044 |a xo  |c SK hu  |c HU 
072 7 |a 821.112.2  |x Nemecká literatúra, nemecky písaná  |2 konspekt 
080 |a 821.112.2  |2 2011 
080 |a 82-31  |2 2011 
100 1 |a Bahre, Jens  |4 aut  |9 404994 
245 1 0 |a Nicky és a szerelem  |c Jens Bahre ; z nemeckého originálu preložil Erzsébet Gergely 
250 |a 1. vydanie 
264 1 |a Bratislava  |b Madách Könyvkiadó  |c 1990 
300 |a 175 strán  |b ilustrácie  |c 20 cm 
336 |a text  |b txt  |2 rdacontent 
337 |a bez média  |b n  |2 rdamedia 
338 |a zväzok  |b nc  |2 rdacarrier 
366 |e 4200 kusov 
500 |a Preložené z nemčiny 
650 0 7 |a nemecká literatúra  |2 SNKPH  |9 1195 
650 0 7 |a German literature  |2 SNKPHeng  |9 266003 
655 7 |a dievčenské romány  |2 SNKPH  |9 1548 
655 7 |a Girls' novels  |2 SNKPHeng  |9 290434 
700 1 |a Gergely, Erzsébet  |4 trl  |9 404995 
700 1 |a Szecskó, Péter  |4 ill  |9 404996 
919 |a 80-09-00310-7 
958 |a LX 
958 |a UP 
958 |a OND 
968 |b IT 
999 |c 656157  |d 658087 
952 |a SNK  |b SNK  |y VYP  |7 0  |p 17A1447971  |o snkSD 89424 D1  |i snk2021/8139  |8 7  |0 0  |1 0  |4 0  |d 2021-07-06  |l 0  |r 2026-02-23 18:37:01  |w 2026-02-23 
952 |a SNK  |b SNK  |y PREZ  |7 0  |p 17A1417929  |o snkSD 89424  |i snk2020/17291  |8 7  |0 0  |1 0  |4 0  |d 2020-09-29  |f 1  |l 0  |r 2026-02-23 18:37:01  |w 2026-02-23